[Event "GER Cup Net V2 U1600"]
[Site "Playchess.com INT"]
[Date "2020.05.22"]
[Round "9"]
[White "Kaiser, Roland"]
[Black "Van der Valk, Reiner"]
[Result "0-1"]
[WhiteElo "1172"]
[BlackElo "1285"]
[PlyCount "102"]
[EventDate "2020.05.22"]
[EventType "swiss (blitz)"]
[EventRounds "9"]
[EventCountry "GER"]
[SourceTitle "EXT 2021"]
[Source "ChessBase"]
[SourceDate "2020.10.23"]
[SourceVersion "1"]
[SourceVersionDate "2020.10.23"]
[SourceQuality "1"]

1. e4 c6 2. Nf3 d5 3. exd5 cxd5 4. Nc3 Nf6 5. d4 Bf5 6. h3 h6 7. g4 Bh7 8. Ne5 e6 9. Bb5+ Nbd7 10. Na4 a6 11. Nb6 axb5 12. Nxa8 Nxe5 13. dxe5 Nd7 14. Be3 Qxa8 15. b4 Bxb4+ 16. Bd2 Bxd2+ 17. Qxd2 0-0 18. 0-0 Nxe5 19. Kh1 Nf3 20. Qf4 Ng5 21. h4 Ne4 22. g5 hxg5 23. hxg5 Qb8 24. Qe3 Qe5 25. Rg1 f5 26. Qh3 Nxf2+ 27. Kg2 Nxh3 28. Kxh3 Qe3+ 29. Rg3 Qf4 30. Rag1 e5 31. g6 Qh6+ 32. Kg2 Bxg6 33. Rxg6 Qd2+ 34. Kh1 Rf7 35. R6g2 Qd4 36. Rh2 Qe4+ 37. Rgg2 f4 38. Kg1 f3 39. Rg3 f2+ 40. Rxf2 Rxf2 41. Kxf2 Qf4+ 42. Rf3 Qd2+ 43. Kg3 e4 44. Rf2 Qd4 45. Rf4 Qe3+ 46. Kg4 Qg1+ 47. Kf5 e3 48. Ke5 e2 49. Rf5 e1Q+ 50. Kd6 Qb6+ 51. Kd7 Qee6# 0-1

[Event "GER Cup Net V2 U1600"]
[Site "Playchess.com INT"]
[Date "2020.05.22"]
[Round "6"]
[White "Van der Valk, Reiner"]
[Black "Haidekker, Kilian"]
[Result "0-1"]
[WhiteElo "1285"]
[BlackElo "1373"]
[PlyCount "62"]
[EventDate "2020.05.22"]
[EventType "swiss (blitz)"]
[EventRounds "9"]
[EventCountry "GER"]
[SourceTitle "EXT 2021"]
[Source "ChessBase"]
[SourceDate "2020.10.23"]
[SourceVersion "1"]
[SourceVersionDate "2020.10.23"]
[SourceQuality "1"]

1. e4 e5 2. Nf3 Nc6 3. Nc3 Bc5 4. Bc4 Nf6 5. d3 0-0 6. Bg5 h6 7. Bh4 d6 8. Nd5 Be6 9. Nxf6+ gxf6 10. Bb3 Bxb3 11. axb3 Ne7 12. Qd2 Kh7 13. 0-0-0 Ng6 14. g4 Qd7 15. Rdg1 Rg8 16. h3 Nf4 17. Bg3 Ng6 18. Nh4 Nxh4 19. Bxh4 Rg6 20. f4 Qe6 21. f5 Qe7 22. fxg6+ fxg6 23. Rf1 g5 24. Bg3 a5 25. Rf5 a4 26. bxa4 Rxa4 27. Kb1 Qd8 28. Rhf1 Qa8 29. c3 Ra1+ 30. Kc2 Qa4+ 31. b3 Qa2# 0-1

[Event "GER Cup Net V2 U1600"]
[Site "Playchess.com INT"]
[Date "2020.05.22"]
[Round "2"]
[White "Van der Valk, Reiner"]
[Black "Pye, Raymond"]
[Result "0-1"]
[WhiteElo "1285"]
[BlackElo "1461"]
[PlyCount "36"]
[EventDate "2020.05.22"]
[EventType "swiss (blitz)"]
[EventRounds "9"]
[EventCountry "GER"]
[SourceTitle "EXT 2021"]
[Source "ChessBase"]
[SourceDate "2020.10.23"]
[SourceVersion "1"]
[SourceVersionDate "2020.10.23"]
[SourceQuality "1"]

1. e4 d6 2. d4 Nf6 3. Nc3 Nbd7 4. Nf3 c6 5. Bc4 h6 6. h3 Qc7 7. Be3 e5 8. dxe5 dxe5 9. 0-0 Be7 10. Qd2 g5 11. Nh2 Nf8 12. Ne2 Ne6 13. Bb3 Nf4 14. Nxf4 gxf4 15. Bxf4 exf4 16. f3 h5 17. Qf2 b6 18. h4 Bc5 0-1

[Event "GER Cup Net V1 U1600"]
[Site "Playchess.com INT"]
[Date "2020.05.19"]
[Round "5"]
[White "Hoffmann, Peter1111"]
[Black "Van der Valk, Reiner"]
[Result "1-0"]
[WhiteElo "1625"]
[BlackElo "1297"]
[PlyCount "65"]
[EventDate "2020.05.19"]
[EventType "swiss (blitz)"]
[EventRounds "9"]
[EventCountry "GER"]
[SourceTitle "EXT 2021"]
[Source "ChessBase"]
[SourceDate "2020.10.23"]
[SourceVersion "1"]
[SourceVersionDate "2020.10.23"]
[SourceQuality "1"]

1. d4 d5 2. c4 e6 3. Nc3 Nf6 4. Bg5 Be7 5. Nf3 c6 6. e3 Nbd7 7. cxd5 exd5 8. Bd3 0-0 9. 0-0 Re8 10. a3 h6 11. Bh4 Nb6 12. Rc1 Bg4 13. h3 Bh5 14. Bb1 Nc4 15. Bxf6 Bxf6 16. Qe2 Qc7 17. g4 Bg6 18. Bxg6 fxg6 19. a4 a5 20. b3 Nd6 21. Nxd5 Qf7 22. Nb6 Rad8 23. Nc4 Ne4 24. Nfe5 Bxe5 25. Nxe5 Qxb3 26. Rb1 Qxa4 27. Rb3 Qxb3 28. Nxg6 Nd2 29. Qxd2 Qe6 30. Nf4 Qe4 31. Qxa5 Rf8 32. Qa3 Rc8 33. Qa2+ 1-0

[Event "GER Cup Net V1 U1600"]
[Site "Playchess.com INT"]
[Date "2020.05.19"]
[Round "1"]
[White "Hoke, Joshua Sky"]
[Black "Van der Valk, Reiner"]
[Result "1/2-1/2"]
[WhiteElo "1531"]
[BlackElo "1275"]
[PlyCount "149"]
[EventDate "2020.05.19"]
[EventType "swiss (blitz)"]
[EventRounds "9"]
[EventCountry "GER"]
[SourceTitle "EXT 2021"]
[Source "ChessBase"]
[SourceDate "2020.10.23"]
[SourceVersion "1"]
[SourceVersionDate "2020.10.23"]
[SourceQuality "1"]

1. e4 c6 2. d4 d5 3. Nc3 dxe4 4. Nxe4 Bf5 5. Ng3 Bg6 6. h4 h6 7. h5 Bh7 8. Nf3 Nd7 9. Bd3 Bxd3 10. Qxd3 e6 11. Bf4 Qa5+ 12. Bd2 Qb6 13. 0-0-0 Bd6 14. Ne4 Bc7 15. g3 Ngf6 16. Bf4 Bxf4+ 17. gxf4 Nxe4 18. Qxe4 Nf6 19. Qe2 0-0-0 20. c3 Kb8 21. Kb1 Ka8 22. Ne5 Qc7 23. Rhg1 Rhg8 24. Qc4 Nd5 25. f5 exf5 26. Qd3 g6 27. hxg6 fxg6 28. Rxg6 Rxg6 29. Nxg6 Qg7 30. Qxf5 Ne7 31. Nxe7 Qxe7 32. Rh1 Rf8 33. Qc2 Qf6 34. a3 Qxf2 35. Qxf2 Rxf2 36. Rxh6 Rf1+ 37. Kc2 a6 38. Kb3 Ka7 39. Kc4 Rf5 40. Rh7 Rg5 41. Rd7 Rf5 42. d5 cxd5+ 43. Rxd5 Rf4+ 44. Rd4 Rf7 45. Kb4 Re7 46. a4 Rc7 47. Rc4 Rd7 48. Rd4 Re7 49. a5 Rf7 50. c4 Rc7 51. b3 Rc6 52. Rd7 Rf6 53. Kc5 Rf5+ 54. Rd5 Rf7 55. b4 Rc7+ 56. Kd4 Rh7 57. Re5 Rh4+ 58. Re4 Rh7 59. c5 Rd7+ 60. Kc4 Rc7 61. b5 axb5+ 62. Kxb5 Rc6 63. Re7 Rg6 64. c6 Rxc6 65. Rd7 Rh6 66. Rd5 Rh7 67. Re5 Rd7 68. Rf5 Rc7 69. Rd5 Re7 70. Rf5 Rc7 71. Re5 Rf7 72. Rd5 Rc7 73. Re5 Rf7 74. Rg5 Rc7 75. Re5 1/2-1/2

[Event "GER Cup Net V1 U1600"]
[Site "Playchess.com INT"]
[Date "2020.05.19"]
[Round "6"]
[White "Van der Valk, Reiner"]
[Black "Bock, Leonas"]
[Result "1-0"]
[WhiteElo "1287"]
[BlackElo "1409"]
[PlyCount "69"]
[EventDate "2020.05.19"]
[EventType "swiss (blitz)"]
[EventRounds "9"]
[EventCountry "GER"]
[SourceTitle "EXT 2021"]
[Source "ChessBase"]
[SourceDate "2020.10.23"]
[SourceVersion "1"]
[SourceVersionDate "2020.10.23"]
[SourceQuality "1"]

1. e4 d5 2. exd5 Qxd5 3. Nc3 Qa5 4. Nf3 Nf6 5. d4 c6 6. Bd2 Bf5 7. Ne4 Qd8 8. Nxf6+ exf6 9. Bc4 Bd6 10. 0-0 0-0 11. Be3 b5 12. Bb3 Nd7 13. Qd2 Re8 14. Rfe1 Qc7 15. h3 Rad8 16. Rad1 Re7 17. c3 Rde8 18. Re2 a5 19. a3 a4 20. Ba2 Be4 21. Rde1 Bxf3 22. gxf3 Bh2+ 23. Kg2 Bd6 24. h4 h6 25. Rg1 Kh7 26. Kf1 Bf4 27. Rg4 Bxe3 28. Rxe3 f5 29. Rxe7 Rxe7 30. Qd3 g6 31. Rg2 Qd8 32. h5 Qe8 33. hxg6+ fxg6 34. Qd2 Nf6 35. Rg1 1-0

[Event "Rheinland Pfalz op 10th"]
[Site "Nickenich"]
[Date "2018.06.01"]
[Round "3"]
[White "Melnikov, Valeri"]
[Black "Van der Valk, Reiner"]
[Result "1-0"]
[WhiteElo "1878"]
[BlackElo "1600"]
[PlyCount "41"]
[EventDate "2018.05.31"]
[EventType "swiss"]
[EventRounds "7"]
[EventCountry "GER"]
[SourceTitle "EXT 2019"]
[Source "ChessBase"]
[SourceDate "2018.10.10"]
[SourceVersion "1"]
[SourceVersionDate "2018.10.10"]
[SourceQuality "1"]

1. e4 c6 2. d4 d5 3. exd5 cxd5 4. c4 Nf6 5. Nc3 e6 6. Nf3 Nc6 7. Bg5 Be7 8. Rc1 h6 9. Bf4 Nh5 10. Be3 Nf6 11. a3 a5 12. c5 0-0 13. Na4 Nd7 14. Be2 Bg5 15. Nxg5 hxg5 16. Qd2 f6 17. Bh5 e5 18. dxe5 Ndxe5 19. Nb6 Nc4 20. Rxc4 Rb8 21. Ra4 1-0

[Event "Rheinland Pfalz op 10th"]
[Site "Nickenich"]
[Date "2018.05.31"]
[Round "1"]
[White "Montermann, Klaus"]
[Black "Van der Valk, Reiner"]
[Result "1-0"]
[WhiteElo "2051"]
[BlackElo "1600"]
[PlyCount "67"]
[EventDate "2018.05.31"]
[EventType "swiss"]
[EventRounds "7"]
[EventCountry "GER"]
[SourceTitle "CBM 184 Extra"]
[Source "ChessBase"]
[SourceDate "2018.06.28"]
[SourceVersion "1"]
[SourceVersionDate "2018.06.28"]
[SourceQuality "1"]

1. d4 d5 2. e4 dxe4 3. Nc3 Nf6 4. f3 exf3 5. Nxf3 Bg4 6. h3 Bh5 7. Be3 e6 8. Be2 Nc6 9. Qd2 Bb4 10. a3 Ne4 11. Qd3 Nxc3 12. bxc3 Bg6 13. Qd2 Ba5 14. 0-0 0-0 15. Bd3 Bxd3 16. Qxd3 h6 17. Rab1 Bb6 18. Rb5 Ne7 19. c4 c6 20. Rb3 Rb8 21. Rfb1 Qc7 22. Qe4 Ng6 23. h4 h5 24. Ng5 c5 25. d5 exd5 26. cxd5 Rfe8 27. Qf3 Rxe3 28. Rxe3 c4 29. Rxb6 Qxb6 30. Qxf7+ Kh8 31. Qf2 Rf8 32. Qe2 Nf4 33. Qf3 Ng6 34. Qxh5+ 1-0

[Event "Goch op 26th"]
[Site "Goch"]
[Date "2015.09.06"]
[Round "6"]
[White "Van der Valk, Reiner"]
[Black "Unkrig, Frank"]
[Result "0-1"]
[WhiteElo "1723"]
[BlackElo "1527"]
[PlyCount "40"]
[EventDate "2015.09.03"]
[EventType "swiss"]
[EventRounds "7"]
[EventCountry "GER"]
[SourceTitle "EXT 2018"]
[Source "ChessBase"]
[SourceDate "2017.10.13"]
[SourceVersion "1"]
[SourceVersionDate "2017.10.13"]
[SourceQuality "1"]

1. e4 e6 2. d4 d5 3. Nc3 dxe4 4. Nxe4 Nf6 5. Nxf6+ Qxf6 6. Nf3 h6 7. Bc4 Bd6 8. 0-0 0-0 9. c3 b6 10. Bb3 Bb7 11. Nd2 Nd7 12. Re1 c5 13. Ne4 Bxe4 14. Rxe4 Qe7 15. Re2 Rfd8 16. Be3 Rac8 17. Rc1 cxd4 18. Bxd4 Nc5 19. Bxc5 Bxh2+ 20. Kxh2 Qh4+ 0-1

[Event "Cologne Longerich op-B 12th"]
[Site "Cologne"]
[Date "2015.08.02"]
[Round "4"]
[White "Ipekyilmaz, Tayfun"]
[Black "Van der Valk, Reiner"]
[Result "1-0"]
[WhiteElo "1692"]
[BlackElo "1450"]
[PlyCount "79"]
[EventDate "2015.07.31"]
[EventType "tourn"]
[EventRounds "5"]
[EventCountry "GER"]
[SourceTitle "EXT 2017"]
[Source "ChessBase"]
[SourceDate "2016.10.25"]
[SourceVersion "1"]
[SourceVersionDate "2016.10.25"]
[SourceQuality "1"]

1. e4 c6 2. d4 d5 3. e5 Bf5 4. Nf3 e6 5. Bd3 Bxd3 6. Qxd3 Ne7 7. Bg5 Qb6 8. Nc3 Nf5 9. g4 Ne7 10. 0-0-0 Nd7 11. Bd2 Ng6 12. h4 c5 13. h5 c4 14. Qe3 Ne7 15. Ng5 h6 16. Nh3 Nc6 17. Be1 Bb4 18. g5 0-0-0 19. a3 Be7 20. Ne2 Kb8 21. Qf4 Rhf8 22. Bc3 Ka8 23. gxh6 gxh6 24. Qxh6 Rh8 25. Qg7 f6 26. exf6 Bxf6 27. Qf7 Ne7 28. Nhf4 Rdf8 29. Qxe6 Qxe6 30. Nxe6 Rfg8 31. N2f4 Bg5 32. Nxg5 Rxg5 33. Rdg1 Rhg8 34. Rxg5 Rxg5 35. h6 Nf6 36. h7 Nxh7 37. Rxh7 Nc6 38. Rh8+ Nb8 39. Ne6 a6 40. Nxg5 1-0

[Event "Cologne Longerich op-B 12th"]
[Site "Cologne"]
[Date "2015.08.01"]
[Round "3"]
[White "Van der Valk, Reiner"]
[Black "Leschin, Hendrik"]
[Result "0-1"]
[WhiteElo "1450"]
[BlackElo "1699"]
[PlyCount "28"]
[EventDate "2015.07.31"]
[EventType "tourn"]
[EventRounds "5"]
[EventCountry "GER"]
[SourceTitle "EXT 2017"]
[Source "ChessBase"]
[SourceDate "2016.10.25"]
[SourceVersion "1"]
[SourceVersionDate "2016.10.25"]
[SourceQuality "1"]

1. e4 e6 2. d4 d5 3. Nc3 dxe4 4. Nxe4 Nd7 5. Nf3 Ngf6 6. Bg5 Be7 7. Nxf6+ Nxf6 8. Bb5+ Bd7 9. Bxd7+ Qxd7 10. c3 Qb5 11. Qc2 0-0 12. 0-0-0 c5 13. Rhe1 cxd4 14. Nxd4 Qxg5+ 0-1

[Event "Cologne Longerich op-B 12th"]
[Site "Cologne"]
[Date "2015.07.31"]
[Round "1"]
[White "Van der Valk, Reiner"]
[Black "Nanu, Andreas Christian"]
[Result "1-0"]
[WhiteElo "1450"]
[BlackElo "1125"]
[PlyCount "65"]
[EventDate "2015.07.31"]
[EventType "tourn"]
[EventRounds "5"]
[EventCountry "GER"]
[SourceTitle "EXT 2017"]
[Source "ChessBase"]
[SourceDate "2016.10.25"]
[SourceVersion "1"]
[SourceVersionDate "2016.10.25"]
[SourceQuality "1"]

1. e4 c5 2. Nc3 e6 3. f4 d5 4. e5 Ne7 5. Nf3 Nf5 6. Bb5+ Nc6 7. Bxc6+ bxc6 8. d3 d4 9. Ne4 Ne3 10. Bxe3 dxe3 11. Qe2 Qa5+ 12. Nc3 Qb4 13. Rb1 Qxf4 14. 0-0 Ba6 15. b3 Be7 16. Nd1 Rb8 17. Nxe3 c4 18. Nxc4 0-0 19. Nfd2 Qd4+ 20. Kh1 f6 21. exf6 Rxf6 22. Rxf6 Qxf6 23. Rf1 Qh4 24. Qxe6+ Kh8 25. g3 Qg5 26. Ne4 Qd5 27. Qxe7 h6 28. Rf8+ Rxf8 29. Qxf8+ Kh7 30. Qf2 c5 31. Qxc5 Qf7 32. Ncd2 Bb7 33. Kg1 1-0

[Event "Maastricht Limburg op-B 9th"]
[Site "Maastricht"]
[Date "2015.05.23"]
[Round "2"]
[White "Kronseder, Michael"]
[Black "Van der Valk, Reiner"]
[Result "1-0"]
[WhiteElo "1809"]
[BlackElo "1759"]
[PlyCount "52"]
[EventDate "2015.05.22"]
[EventType "swiss"]
[EventRounds "7"]
[EventCountry "NED"]
[SourceTitle "EXT 2016"]
[Source "ChessBase"]
[SourceDate "2015.10.08"]
[SourceVersion "1"]
[SourceVersionDate "2015.10.08"]
[SourceQuality "1"]

1. e4 c6 2. Nc3 d5 3. Nf3 dxe4 4. Nxe4 Bf5 5. Ng3 Bg6 6. h4 h6 7. Ne5 Bh7 8. Bc4 e6 9. Qh5 Qf6 10. d3 Bd6 11. f4 Ne7 12. Bd2 Nf5 13. Ne4 Qe7 14. Nxd6+ Nxd6 15. Bb4 0-0 16. g4 b5 17. g5 a5 18. Bc3 bxc4 19. gxh6 g6 20. Rg1 Qa7 21. 0-0-0 Qe3+ 22. Bd2 Qc5 23. Rg5 Nf5 24. Nxg6 fxg6 25. Rxg6+ Kf7 26. Rg7+ Kf6 1-0

[Event "Maastricht Limburg op-B 9th"]
[Site "Maastricht"]
[Date "2015.05.23"]
[Round "3"]
[White "Van der Valk, Reiner"]
[Black "Zyla, Lennert"]
[Result "0-1"]
[WhiteElo "1759"]
[BlackElo "1805"]
[PlyCount "50"]
[EventDate "2015.05.22"]
[EventType "swiss"]
[EventRounds "7"]
[EventCountry "NED"]
[SourceTitle "EXT 2016"]
[Source "ChessBase"]
[SourceDate "2015.10.08"]
[SourceVersion "1"]
[SourceVersionDate "2015.10.08"]
[SourceQuality "1"]

1. e4 c5 2. Nc3 Nc6 3. f4 e6 4. Bb5 a6 5. Bxc6 bxc6 6. Nf3 d5 7. d3 Nf6 8. e5 Nd7 9. b3 Nb6 10. 0-0 Be7 11. Qe1 0-0 12. Qg3 f5 13. Ng5 h6 14. Nf3 Kh7 15. Ba3 d4 16. Ne2 Nd5 17. Bc1 Nb4 18. Ne1 Bh4 19. Qf3 Bxe1 20. Rxe1 Nxc2 21. Qxc6 Bd7 22. Qxc5 Nxe1 23. Qxd4 Nc2 24. Qb2 Nxa1 25. Qxa1 Bb5 0-1

[Event "Goch op 24th"]
[Site "Goch"]
[Date "2013.09.05"]
[Round "1"]
[White "Van der Valk, Reiner"]
[Black "Krebbers, Wilfried"]
[Result "1/2-1/2"]
[WhiteElo "1765"]
[BlackElo "2099"]
[PlyCount "82"]
[EventDate "2013.09.05"]
[EventType "swiss"]
[EventRounds "7"]
[EventCountry "GER"]
[SourceTitle "EXT 2015"]
[Source "ChessBase"]
[SourceDate "2014.11.20"]
[SourceVersion "1"]
[SourceVersionDate "2014.11.20"]
[SourceQuality "1"]

1. e4 Nf6 2. Nc3 d5 3. e5 d4 4. exf6 dxc3 5. fxg7 cxd2+ 6. Qxd2 Qxd2+ 7. Bxd2 Bxg7 8. c3 Nc6 9. Nf3 0-0 10. Bd3 e5 11. 0-0 Bg4 12. Be4 Ne7 13. h3 Bh5 14. Bc2 Rfd8 15. Rad1 Nd5 16. Rfe1 f6 17. Bb3 Bf7 18. Nh4 Rd7 19. Bc1 Rad8 20. Bc2 Ne7 21. Rxd7 Rxd7 22. a3 Be6 23. Rd1 Rd6 24. Nf3 Bc4 25. Nd2 Bd3 26. Bb3+ Kf8 27. Nf3 b5 28. Be3 a6 29. Bc5 Rd8 30. Bc2 e4 31. Ne1 Rd5 32. Bxe7+ Kxe7 33. Nxd3 exd3 34. Rxd3 Rxd3 35. Bxd3 h6 36. Kf1 Ke6 37. c4 c6 38. cxb5 cxb5 39. b3 Bf8 40. a4 bxa4 41. bxa4 a5 1/2-1/2

[Event "Cologne Longerich op-B 12th"]
[Site "Cologne"]
[Date "2013.07.20"]
[Round "3"]
[White "Sewald, Kathrin"]
[Black "Van der Valk, Reiner"]
[Result "1-0"]
[WhiteElo "1395"]
[BlackElo "1431"]
[PlyCount "55"]
[EventDate "2013.07.19"]
[EventType "tourn"]
[EventRounds "5"]
[EventCountry "GER"]
[SourceTitle "EXT 2017"]
[Source "ChessBase"]
[SourceDate "2016.10.25"]
[SourceVersion "1"]
[SourceVersionDate "2016.10.25"]
[SourceQuality "1"]

1. e4 c6 2. Nf3 d5 3. exd5 cxd5 4. d4 Bg4 5. Be2 Nf6 6. h3 Bxf3 7. Bxf3 e6 8. c3 Nc6 9. Be2 Bd6 10. Nd2 0-0 11. 0-0 Rc8 12. Bd3 Bb8 13. Nf3 Qc7 14. Re1 Rfe8 15. Ne5 Nxe5 16. dxe5 Nd7 17. f4 Nc5 18. Be3 Nxd3 19. Qxd3 Qe7 20. Bf2 a6 21. Qf3 b5 22. a3 Rc4 23. Qg4 Rf8 24. Bh4 Ba7+ 25. Kh1 Qc5 26. Bf6 g6 27. b4 h5 28. Qg5 1-0

[Event "Cologne Longerich op-B 12th"]
[Site "Cologne"]
[Date "2013.07.19"]
[Round "1"]
[White "Hoferichter, Michael"]
[Black "Van der Valk, Reiner"]
[Result "0-1"]
[WhiteElo "1269"]
[BlackElo "1431"]
[PlyCount "108"]
[EventDate "2013.07.19"]
[EventType "tourn"]
[EventRounds "5"]
[EventCountry "GER"]
[SourceTitle "EXT 2017"]
[Source "ChessBase"]
[SourceDate "2016.10.25"]
[SourceVersion "1"]
[SourceVersionDate "2016.10.25"]
[SourceQuality "1"]

1. e4 c6 2. d4 d5 3. exd5 cxd5 4. c4 Nf6 5. Nc3 e6 6. Nf3 Bb4 7. cxd5 exd5 8. Bb5+ Bd7 9. Bxd7+ Nbxd7 10. 0-0 0-0 11. Bd2 Nb6 12. Ne5 Bd6 13. Bg5 Be7 14. Re1 h6 15. Bxf6 Bxf6 16. Qb3 Rc8 17. Rac1 Re8 18. f4 Re6 19. Qd1 a6 20. Qh5 Rc7 21. Qh3 Nc4 22. Rc2 Rce7 23. Rce2 Qb6 24. Qd3 Nxe5 25. fxe5 Rxe5 26. Rxe5 Rxe5 27. Rxe5 Bxe5 28. Ne2 Bf6 29. b3 Qa5 30. Nc3 Qd8 31. Ne2 Qe7 32. Kf1 Qb4 33. Nf4 Qxd4 34. Qxd4 Bxd4 35. Nxd5 Kf8 36. Ke2 Be5 37. Kd3 Bxh2 38. Kc4 Bd6 39. b4 Ke8 40. b5 axb5+ 41. Kxb5 g5 42. Nf6+ Ke7 43. Ng8+ Ke6 44. Nxh6 f5 45. a4 Bf8 46. Ng4 fxg4 47. Kb6 Bb4 48. a5 Kf5 49. Kb5 Bxa5 50. Kxa5 Kf4 51. Kb6 Kg3 52. Kxb7 Kxg2 53. Kc6 Kh2 54. Kd5 g3 0-1

[Event "Goch op 23rd"]
[Site "Goch"]
[Date "2012.08.30"]
[Round "1"]
[White "Krebbers, Wilfried"]
[Black "Van der Valk, Reiner"]
[Result "1-0"]
[WhiteElo "2110"]
[BlackElo "1772"]
[PlyCount "81"]
[EventDate "2012.08.30"]
[EventType "swiss"]
[EventRounds "7"]
[EventCountry "GER"]
[SourceTitle "EXT 2015"]
[Source "ChessBase"]
[SourceDate "2014.11.20"]
[SourceVersion "1"]
[SourceVersionDate "2014.11.20"]
[SourceQuality "1"]

1. b4 e5 2. Bb2 d6 3. c4 Nf6 4. e3 Bg4 5. Be2 Bxe2 6. Nxe2 Nbd7 7. Nbc3 g6 8. 0-0 Bg7 9. d4 0-0 10. d5 Re8 11. e4 Nb6 12. Qd3 Qd7 13. c5 dxc5 14. bxc5 Na4 15. c6 Nxb2 16. cxd7 Nxd3 17. dxe8Q+ Rxe8 18. f3 a6 19. Rab1 Nc5 20. Nc1 Nfd7 21. Nb3 Bf8 22. Rfd1 Bd6 23. Na5 Nb6 24. Nb3 Nbd7 25. Nxc5 Bxc5+ 26. Kf1 Nb6 27. Ke2 Kf8 28. a4 a5 29. Rb5 Bd4 30. Rc1 Ra8 31. Kd3 Ke7 32. Ne2 Bf2 33. Rxc7+ Ke8 34. Rxb7 Nxa4 35. Rb8+ Rxb8 36. Rxb8+ Kd7 37. Nc3 Nc5+ 38. Kc4 Kc7 39. Rf8 a4 40. Rxf7+ Kd6 41. Nb5# 1-0

[Event "Goch op 21st"]
[Site "Goch"]
[Date "2010.10.03"]
[Round "7"]
[White "Van der Valk, Reiner"]
[Black "Van Landeghem, Gunther"]
[Result "0-1"]
[WhiteElo "1834"]
[BlackElo "1609"]
[PlyCount "50"]
[EventDate "2010.09.30"]
[EventType "swiss"]
[EventRounds "7"]
[EventCountry "GER"]
[SourceTitle "EXT 2012"]
[Source "ChessBase"]
[SourceDate "2011.11.24"]
[SourceVersion "1"]
[SourceVersionDate "2011.11.24"]
[SourceQuality "1"]

1. e4 d5 2. exd5 Nf6 3. d4 Bg4 4. Be2 Bxe2 5. Qxe2 Qxd5 6. Nf3 e6 7. Nc3 Bb4 8. Bd2 Bxc3 9. Bxc3 Nc6 10. 0-0 0-0-0 11. Rfd1 g5 12. b4 Ne4 13. Qd3 g4 14. b5 Nxc3 15. Qxc3 Qxb5 16. Rab1 Qd5 17. Ne1 Nxd4 18. Qa3 a6 19. c3 Ne2+ 20. Kf1 Qc4 21. Nd3 Rxd3 22. Qb2 Rxd1+ 23. Rxd1 Nxc3+ 24. Kg1 Rd8 25. Rc1 Ne2+ 0-1

[Event "Goch op 21st"]
[Site "Goch"]
[Date "2010.10.02"]
[Round "5"]
[White "Benning, Tim"]
[Black "Van der Valk, Reiner"]
[Result "1-0"]
[WhiteElo "2127"]
[BlackElo "1834"]
[PlyCount "101"]
[EventDate "2010.09.30"]
[EventType "swiss"]
[EventRounds "7"]
[EventCountry "GER"]
[SourceTitle "EXT 2012"]
[Source "ChessBase"]
[SourceDate "2011.11.24"]
[SourceVersion "1"]
[SourceVersionDate "2011.11.24"]
[SourceQuality "1"]

1. e4 c6 2. d4 d5 3. exd5 cxd5 4. c4 Nf6 5. Nc3 e6 6. Nf3 Bb4 7. a3 Ba5 8. b4 Bc7 9. c5 a6 10. Bd3 Nc6 11. 0-0 0-0 12. Re1 h6 13. Ra2 Re8 14. Rae2 b6 15. Na4 b5 16. Nc3 Bd7 17. Bd2 Qb8 18. Qb3 Bxh2+ 19. Nxh2 Nxd4 20. Qa2 Nxe2+ 21. Rxe2 Bc6 22. Bb1 Qb7 23. f4 Rad8 24. Nd1 Rd7 25. Nf3 Rde7 26. Ne5 Nd7 27. Qc2 Nf8 28. Bc3 f6 29. Nf3 Qc7 30. Nd4 e5 31. Nf5 Re6 32. Nd6 R8e7 33. f5 Rxd6 34. cxd6 Qxd6 35. Ba2 Kh8 36. Be1 d4 37. Nf2 e4 38. Qb3 Ne6 39. fxe6 e3 40. Nd3 Be4 41. Nc5 Ba8 42. Qd3 g5 43. Rxe3 Bxg2 44. Kxg2 Qf4 45. Re4 Qf5 46. Qxd4 h5 47. Qd8+ Kg7 48. Qxe7+ Kh6 49. Qf8+ Kg6 50. e7 h4 51. e8Q+ 1-0

[Event "Goch op 21st"]
[Site "Goch"]
[Date "2010.10.02"]
[Round "4"]
[White "Van der Valk, Reiner"]
[Black "Schuetzler, Bernd"]
[Result "1-0"]
[WhiteElo "1834"]
[BlackElo "1707"]
[PlyCount "75"]
[EventDate "2010.09.30"]
[EventType "swiss"]
[EventRounds "7"]
[EventCountry "GER"]
[SourceTitle "EXT 2012"]
[Source "ChessBase"]
[SourceDate "2011.11.24"]
[SourceVersion "1"]
[SourceVersionDate "2011.11.24"]
[SourceQuality "1"]

1. e4 e5 2. Nc3 Nf6 3. Bc4 Bc5 4. Nf3 d6 5. d3 h6 6. h3 a6 7. 0-0 b5 8. Bb3 0-0 9. a3 Bb7 10. Ba2 Nbd7 11. b4 Bb6 12. Re1 Re8 13. Be3 c6 14. Bxb6 Qxb6 15. Qd2 d5 16. Nh4 d4 17. Ne2 Rac8 18. Nf5 c5 19. bxc5 Nxc5 20. Bb3 Nxb3 21. cxb3 a5 22. b4 a4 23. Rac1 Kf8 24. Kh1 Ng8 25. f4 Rxc1 26. Rxc1 f6 27. fxe5 fxe5 28. Rf1 h5 29. Nd6+ Ke7 30. Nxe8 Kxe8 31. Qg5 Qe6 32. Qxh5+ g6 33. Qh7 Ne7 34. Qh8+ Ng8 35. Rc1 Kd7 36. Rc5 Nf6 37. Qg7+ Qe7 38. Rc7+ 1-0

[Event "Nettetal op"]
[Site "Nettetal"]
[Date "2010.07.09"]
[Round "8"]
[White "Dujmovic, Mate"]
[Black "Van der Valk, Reiner"]
[Result "1-0"]
[WhiteElo "1430"]
[BlackElo "1872"]
[PlyCount "57"]
[EventDate "2010.07.03"]
[EventType "swiss"]
[EventRounds "9"]
[EventCountry "GER"]
[SourceTitle "CBM 137 Extra"]
[Source "ChessBase"]
[SourceDate "2010.09.01"]
[SourceVersion "1"]
[SourceVersionDate "2010.09.01"]
[SourceQuality "1"]

1. e4 c6 2. Nf3 d5 3. Nc3 Bg4 4. d3 e6 5. Be2 Nh6 6. 0-0 Nd7 7. Nd2 Bxe2 8. Nxe2 Bd6 9. Nd4 0-0 10. N4f3 Qc7 11. g3 c5 12. b3 Rfe8 13. Bb2 Rac8 14. c4 d4 15. b4 b6 16. a3 e5 17. b5 Nf8 18. Nh4 Qd7 19. Qf3 Qh3 20. Nf5 Ng4 21. Qh1 Bc7 22. Nf3 Bd8 23. Nd6 Bf6 24. Nxc8 Rxc8 25. Qg2 Qh5 26. Bc1 Ne6 27. h3 Nh6 28. g4 Qg6 29. g5 1-0